Wigetta : (Registro nro. 3384)

Detalles MARC
000 -LEADER
fixed length control field 00799nam a2200205Ia 4500
003 - CONTROL NUMBER IDENTIFIER
control field OSt
005 - DATE AND TIME OF LATEST TRANSACTION
control field 20200622200056.0
008 - FIXED-LENGTH DATA ELEMENTS--GENERAL INFORMATION
fixed length control field 191128t2015 ck a gr 000 j spa d
020 ## - INTERNATIONAL STANDARD BOOK NUMBER
International Standard Book Number 9788499984636
040 ## - CATALOGING SOURCE
Original cataloging agency CO-JMCR
Transcribing agency CO-JMCR
041 ## - LANGUAGE CODE
Language code of text/sound track or separate title spa
082 04 - DEWEY DECIMAL CLASSIFICATION NUMBER
Classification number H /
Item number VEGw
245 10 - TITLE STATEMENT
Title Wigetta :
Remainder of title Vegetta777 /
250 ## - EDITION STATEMENT
Edition statement Primera edición
260 ## - PUBLICATION, DISTRIBUTION, ETC.
Place of publication, distribution, etc. Bogotá :
-- Editorial Planeta,
Name of publisher, distributor, etc. ©2015
300 ## - PHYSICAL DESCRIPTION
Extent 190 páginas :
Other physical details ilustraciones en blanco y negro ;
Dimensions 23 cm.
520 ## - SUMMARY, ETC.
Summary, etc. Para Willy y Veggetta, una invasión zombi que fulmina el sitio en el que vives es solo el principio de una gran aventura. Viajes a las profundidades, intensos duelos al amanecer, misteriosas brujas y temibles gigantes… Para salvar a sus amigos y devolver
650 14 - SUBJECT ADDED ENTRY--TOPICAL TERM
Topical term or geographic name entry element Historieta
9 (RLIN) 5867
942 ## - ADDED ENTRY ELEMENTS (KOHA)
Source of classification or shelving scheme Dewey Decimal Classification
Koha item type Books
Existencias
Withdrawn status Lost status Source of classification or shelving scheme Damaged status Not for loan Collection code Home library Current library Date acquired Source of acquisition Cost, normal purchase price Total Checkouts Total Renewals Full call number Barcode Date last seen Date last checked out Copy number Cost, replacement price Koha item type
    Dewey Decimal Classification     Fiction Biblioteca Pública José María del Castillo y Rada Biblioteca Pública José María del Castillo y Rada 11/28/2019 Donación 0.00 22 5 H / VEGw 201807087 10/06/2025 10/06/2025 Ej.1 0.00 Books